RFID snímacie zariadenie

Saved in:
Bibliographic Details
Main Author: Traj, Jakub (Author)
Other Authors: Harťanský, René (Thesis advisor)
Format: Manuscript Book
Language:Slovak
Published: Bratislava : STU v Bratislave FEI, 2020
Subjects:
Online Access:https://opac.crzp.sk/?fn=detailBiblioForm&sid=2C8AB4190B6536A9D584187B1CEB&seo=CRZP-detail-kniha
Tags: Add Tag
No Tags, Be the first to tag this record!

MARC

LEADER 00000ntm a22000003a 4500
001 stuzp78163
003 SK-STU
005 20200904131803.5
007 ta
008 150427s2015----xo-----f-mn---000-0-slo-d
040 |a STU  |b slo 
041 0 |a slo 
044 |a xo 
100 1 |a Traj, Jakub  |u 034000  |4 aut  |U FEI Fakulta elektrotechniky a informatiky  |T FEI Ústav elektrotechniky  |X 92410  |U E040  |Y 550  |7 92410 
242 0 1 |a RFID scanning device  |y eng 
245 1 0 |a RFID snímacie zariadenie 
260 |c Bratislava :  |c STU v Bratislave FEI,  |c 2020 
300 |a 56 s. 
650 4 |a RFID technológia  |2 slo 
650 4 |a Arduino UNO  |2 slo 
650 4 |a automatický kurín  |2 slo 
650 4 |a RFID tag  |2 slo 
650 4 |a RFID technology  |2 eng 
650 4 |a RFID tag  |2 eng 
650 4 |a Arduino UNO  |2 eng 
650 4 |a automatic hen-house  |2 eng 
700 1 |a Harťanský, René  |u 034000  |k Z1  |4 ths  |U FEI Fakulta elektrotechniky a informatiky  |T FEI Ústav elektrotechniky  |X 2588  |U E040  |Y 550  |7 A000002588 
856 4 |u https://opac.crzp.sk/?fn=detailBiblioForm&sid=2C8AB4190B6536A9D584187B1CEB&seo=CRZP-detail-kniha